Pokémon Used by Rivals - Statistics

General Stats
  • This quiz has been taken 662 times
    31 since last reset
  • The average score is 190 of 368
Answer Stats
Game Rival First used Pokémon % Correct
RBG Blue Silph Co. Charizard
100%
USUM Gladion Pokémon League Charizard
100%
RBG Blue Silph Co. Blastoise
96%
USUM Gladion Pokémon League Blastoise
96%
RBG Blue Pallet Town Charmander
96%
RBG Blue Pallet Town Squirtle
96%
RBG Blue Pallet Town Bulbasaur
92%
RBG Blue Silph Co. Pidgeot
92%
LGPE Chase Silph Co. Pidgeot
92%
RBG Blue Cerulean City Pidgeotto
92%
LGPE Chase S.S. Anne Pidgeotto
92%
RBG Blue Route 22 Pidgey
92%
LGPE Chase Route 22 Pidgey
92%
RBG Blue Silph Co. Venusaur
92%
USUM Gladion Pokémon League Venusaur
92%
RBG Blue S.S. Anne Ivysaur
88%
RBG Blue Cerulean City Abra
84%
SWSH Avery Fields of Honor Abra
84%
RBG Blue Silph Co. Alakazam
84%
GSC Silver Mt. Moon Alakazam
84%
SWSH Avery Battle Court Alakazam
84%
RBG Blue Indigo Plateau Arcanine
84%
RBG Blue S.S. Anne Charmeleon
84%
RBG Blue Pokémon Tower Growlithe
84%
RBG Blue S.S. Anne Kadabra
84%
GSC Silver Victory Road Kadabra
84%
SWSH Avery Warm-up-Tunnel Kadabra
84%
RBG Blue S.S. Anne Wartortle
84%
Yl Blue Pallet Town Eevee
80%
SM Hau Diglett's Tunnel Eevee
80%
LGP Chase Pallet Town Eevee
80%
Yl Blue Silph Co. Jolteon
80%
XY Calem Anistar City Jolteon
80%
LGP Chase Pokémon Tower Jolteon
80%
GSC Silver Azalea Town Bayleef
76%
GSC Silver Azalea Town Croconaw
76%
GSC Silver Goldenrod Underground Feraligatr
76%
Yl Blue Silph Co. Flareon
76%
XY Calem Anistar City Flareon
76%
SM Hau Malie City Flareon
76%
RBG Blue Pokémon Tower Gyarados
76%
GSC Silver Goldenrod Underground Meganium
76%
RBG Blue S.S. Anne Raticate
76%
GSC Silver Cherrygrove City Totodile
76%
Yl Blue Silph Co. Vaporeon
76%
XY Calem Anistar City Vaporeon
76%
SM Hau Malie City Vaporeon
76%
SM Hau Malie City Alolan Raichu
72%
GSC Silver Cherrygrove City Cyndaquil
72%
GSC Silver Mt. Moon Gengar
72%
XY Trevor Route 7 Pikachu
72%
SM Hau Route 3 Pikachu
72%
LGE Chase Pallet Town Pikachu
72%
ORAS May Route 103 Raichu
72%
XY Trevor Route 19 Raichu
72%
LGE Chase Pokémon Tower Raichu
72%
RBG Blue Cerulean City Rattata
72%
ORAS May Lilycove City Sceptile
72%
DP Barry Pokémon League Snorlax
72%
SWSH Hop Route 7 Snorlax
72%
GSC Silver Victory Road Typhlosion
72%
GSC Silver Cherrygrove City Chikorita
68%
DP Barry Route 203 Chimchar
68%
XY Shauna Route 19 Delphox
68%
XY Calem Route 14 Delphox
68%
RBG Blue Indigo Plateau Exeggutor
68%
GSC Silver Azalea Town Gastly
68%
GSC Silver Burned Tower Haunter
68%
SM Hau Aether Paradise Incineroar
68%
SV Kieran Blueberry Academy Incineroar
68%
DP Barry Pokémon League Infernape
68%
SM Hau Iki Town Litten
68%
DP Barry Hearthome City Monferno
68%
RS May Route 103 Mudkip
68%
DP Barry Route 203 Piplup
68%
GSC Silver Azalea Town Quilava
68%
DP Barry Pokémon League Staraptor
68%
DP Barry Canalave City Staravia
68%
DP Barry Route 203 Starly
68%
RS May Route 103 Torchic
68%
DP Barry Pokémon League Torterra
68%
DP Barry Route 203 Turtwig
68%
ORAS May Lilycove City Blaziken
64%
RS May Route 110 Combusken
64%
BW Bianca Castelia City Dewott
64%
BW Cheren Route 4 Dewott
64%
BW2 Hugh PWT Dewott
64%
BW Bianca Route 8 Emboar
64%
BW Cheren Route 10 Emboar
64%
BW2 Hugh Undella Town Emboar
64%
DP Barry Pokémon League Empoleon
64%
XY Shauna Aquacorde Town Froakie
64%
XY Calem Route 7 Frogadier
64%
XY Shauna Route 19 Greninja
64%
XY Calem Route 14 Greninja
64%
DP Barry Hearthome City Grotle
64%
RS May Route 110 Grovyle
64%
RS May Route 110 Marshtomp
64%
BW Bianca Nuvema Town Oshawott
64%
BW Cheren Nuvema Town Oshawott
64%
BW2 Hugh Aspertia City Oshawott
64%
BW Bianca Castelia City Pignite
64%
BW Cheren Route 4 Pignite
64%
BW2 Hugh PWT Pignite
64%
SM Hau Aether Paradise Primarina
64%
DP Barry Hearthome City Prinplup
64%
RSE Wally Victory Road Roselia
64%
DP Barry Hearthome City Roselia
64%
BW Bianca Route 8 Samurott
64%
BW Cheren Route 10 Samurott
64%
BW2 Hugh Undella Town Samurott
64%
BW Bianca Route 8 Serperior
64%
BW Cheren Route 10 Serperior
64%
BW2 Hugh Undella Town Serperior
64%
BW Bianca Castelia City Servine
64%
BW Cheren Route 4 Servine
64%
BW2 Hugh PWT Servine
64%
BW Bianca Nuvema Town Snivy
64%
BW Cheren Nuvema Town Snivy
64%
BW2 Hugh Aspertia City Snivy
64%
ORAS May Lilycove City Swampert
64%
BW Bianca Nuvema Town Tepig
64%
BW Cheren Nuvema Town Tepig
64%
BW2 Hugh Aspertia City Tepig
64%
RS May Route 103 Treecko
64%
XY Calem Route 7 Braixen
60%
SM Hau Paniola Town Brionne
60%
XY Shauna Route 19 Chesnaught
60%
XY Shauna Aquacorde Town Chespin
60%
SWSH Hop Route 7 Cinderace
60%
SWSH Hop Route 5 Drizzile
60%
RBG Blue Pokémon Tower Exeggcute
60%
XY Shauna Aquacorde Town Fennekin
60%
SWSH Hop Postwick Grookey
60%
SWSH Hop Route 7 Inteleon
60%
SM Hau Iki Town Popplio
60%
XY Calem Route 7 Quilladin
60%
SWSH Hop Route 5 Raboot
60%
RBG Blue Route 22 Rhyhorn
60%
SWSH Hop Route 7 Rillaboom
60%
RSE Wally Battle Maison Roserade
60%
DP Barry Pokémon League Roserade
60%
XY Tierno Route 19 Roserade
60%
SWSH Hop Postwick Scorbunny
60%
SWSH Hop Postwick Sobble
60%
SM Hau Paniola Town Torracat
60%
SM Hau Aether Paradise Decidueye
56%
SWSH Klara Fields of Honor Galarian Slowpoke
56%
SWSH Avery Fields of Honor Galarian Slowpoke
56%
RSE Wally Victory Road Gardevoir
56%
SWSH Bede Wyndon Stadium Gardevoir
56%
Yl Blue Pokémon Tower Magnemite
56%
GSC Silver Burned Tower Magnemite
56%
Yl Blue Silph Co. Magneton
56%
GSC Silver Victory Road Magneton
56%
RSE Wally Victory Road Magneton
56%
SV Nemona Fifth Gym Meowscarada
56%
SM Hau Iki Town Pichu
56%
BW Cheren Route 4 Pidove
56%
RSE Wally Mauville City Ralts
56%
RBG Blue Indigo Plateau Rhydon
56%
SM Hau Iki Town Rowlet
56%
GSC Silver Goldenrod Underground Sneasel
56%
SM Gladion Aether House Sneasel
56%
XY Shauna Battle Maison Sylveon
56%
SWSH Bede Wyndon Stadium Sylveon
56%
SWSH Hop Route 5 Thwackey
56%
BW Cheren Route 5 Tranquill
56%
BW2 Hugh PWT Tranquill
56%
BW Cheren Twist Mountain Unfezant
56%
BW2 Hugh Undella Town Unfezant
56%
SM Gladion Mt. Lanakila Weavile
56%
GSC Silver Indigo Plateau Crobat
52%
SM Gladion Mt. Lanakila Crobat
52%
LGPE Chase Silph Co. Cubone
52%
SM Hau Paniola Town Dartrix
52%
SV Kieran Blueberry Academy Dragonite
52%
SV Nemona Third Gym Floragato
52%
SV Nemona Cabo Poco Fuecoco
52%
SWSH Bede Galar Mine no. 2 Galarian Ponyta
52%
SWSH Avery Battle Court Galarian Ponyta
52%
SWSH Bede Wyndon Stadium Galarian Rapidash
52%
SWSH Avery Battle Court Galarian Rapidash
52%
SWSH Klara Battle Court Galarian Slowbro
52%
SWSH Avery Battle Court Galarian Slowbro
52%
GSC Silver Goldenrod Underground Golbat
52%
SM Gladion Aether House Golbat
52%
SM Hau Malie City Leafeon
52%
HGSS Blue Viridian City Machamp
52%
LGPE Chase Route 22 Marowak
52%
Yl Blue Silph Co. Ninetales
52%
DP Barry Hearthome City Ponyta
52%
SV Nemona Fifth Gym Quaquaval
52%
SV Nemona Cabo Poco Quaxly
52%
DP Barry Pokémon League Rapidash
52%
LGPE Chase Pokémon League Rapidash
52%
SV Nemona Fifth Gym Skeledirge
52%
LGPE Chase Pokémon League Slowbro
52%
SV Nemona Cabo Poco Sprigatito
52%
RSE Wally Battle Maison Talonflame
52%
XY Tierno Route 19 Talonflame
52%
E May Rustboro City Wingull
52%
SWSH Hop Postwick Wooloo
52%
GSC Silver Azalea Town Zubat
52%
SM Gladion Route 5 Zubat
52%
SV Nemona Third Gym Crocalor
48%
SWSH Hop Route 7 Dubwool
48%
FRLG Blue Indigo Plateau Heracross
48%
DP Barry Canalave City Heracross
48%
SV Kieran Blueberry Academy Hydrapple
48%
BW Cheren Route 4 Liepard
48%
SWSH Marnie Route 9 Liepard
48%
BW Bianca Castelia City Panpour
48%
BW Cheren Route 4 Panpour
48%
BW Bianca Castelia City Pansage
48%
BW Cheren Route 4 Pansage
48%
BW Bianca Castelia City Pansear
48%
BW Cheren Route 4 Pansear
48%
E May Route 119 Pelipper
48%
BW Cheren Striaton City Purrloin
48%
SV Nemona Third Gym Quaxwell
48%
Yl Blue Cerulean City Sandshrew
48%
Yl Blue Silph Co. Sandslash
48%
BW Bianca Route 8 Simipour
48%
BW Cheren Twist Mountain Simipour
48%
BW2 Hugh PWT Simipour
48%
BW Bianca Route 8 Simisage
48%
BW Cheren Twist Mountain Simisage
48%
BW2 Hugh PWT Simisage
48%
BW Bianca Route 8 Simisear
48%
BW Cheren Twist Mountain Simisear
48%
BW2 Hugh PWT Simisear
48%
Yl Blue Pokémon Tower Vulpix
48%
SWSH Hop Route 7 Corviknight
44%
SWSH Hop Route 5 Corvisquire
44%
XY Calem Glittering Cave Espurr
44%
XY Calem Route 7 Fletchling
44%
RSE Wally Victory Road Gallade
44%
LGPE Chase Pokémon Tower Gloom
44%
BW Bianca Route 2 Lillipup
44%
XY Calem Tower of Mastery Meowstic
44%
BW Bianca Castelia City Munna
44%
BW Bianca Driftveil City Musharna
44%
LGPE Chase Cerulean City Oddish
44%
SV Kieran Blueberry Academy Politoed
44%
SWSH Hop Route 2 Rookidee
44%
BW Bianca Route 8 Stoutland
44%
LGPE Blue Viridian City Tauros
44%
USUM Hau Malie City Tauros
44%
LGPE Chase Route 22 Vileplume
44%
RS May Route 110 Wailmer
44%
ORAS May Lilycove City Wailord
44%
SV Kieran Mossui Town Yanma
44%
SV Kieran Dreaded Den Yanmega
44%
XY Trevor Route 19 Florges
40%
BW Bianca Castelia City Herdier
40%
RSE Wally Battle Maison Magnezone
40%
SWSH Bede Wyndon Stadium Mawile
40%
E May Rustboro City Torkoal
40%
SM Gladion Route 5 Type: Null
40%
FRLG Blue Indigo Plateau Tyranitar
40%
USUM Gladion Aether House Zoroark
40%
USUM Gladion Route 5 Zorua
40%
RSE Wally Victory Road Altaria
36%
XY Calem Victory Road Altaria
36%
DP Barry Hearthome City Buizel
36%
RSE Wally Victory Road Delcatty
36%
XY Shauna Route 19 Delcatty
36%
SWSH Bede Stow-on-Side Duosion
36%
Yl Blue Pokémon Tower Fearow
36%
XY Trevor Route 7 Flabébé
36%
DP Barry Pokémon League Floatzel
36%
XY Shauna Route 19 Goodra
36%
SV Nemona Mesagoza Goodra
36%
SWSH Marnie Wyndon Stadium Grimmsnarl
36%
SV Kieran Blueberry Academy Grimmsnarl
36%
SM Gladion Mt. Lanakila Lucario
36%
SWSH Marnie Budew Drop Inn Morpeko
36%
SV Nemona South Provence A1 Pawmi
36%
SV Nemona Fifth Gym Pawmo
36%
SV Nemona Seventh Gym Pawmot
36%
SV Kieran Dreaded Den Poliwrath
36%
RS May Route 110 Shroomish
36%
SM Gladion Mt. Lanakila Silvally
36%
SWSH Bede Galar Mine Solosis
36%
Yl Blue Route 22 Spearow
36%
SH Hop Slumbering Weald Zacian
36%
SW Hop Slumbering Weald Zamazenta
36%
XY Calem Glittering Cave Absol
32%
BW2 Blue PWT Aerodactyl
32%
XY Trevor Route 19 Aerodactyl
32%
ORAS May Lilycove City Breloom
32%
XY Tierno Route 5 Corphish
32%
XY Tierno Route 19 Crawdaunt
32%
SV Nemona Fifth Gym Goomy
32%
SWSH Bede Galar Mine Hatenna
32%
SWSH Bede Wyndon Stadium Hatterene
32%
SWSH Bede Stow-on-Side Hattrem
32%
E May Route 110 Lombre
32%
E May Route 110 Lombre
32%
E May Rustboro City Lotad
32%
E May Lilycove City Ludicolo
32%
SM Gladion Pokémon League Porygon-Z
32%
SV Kieran Blueberry Academy Porygon-Z
32%
SWSH Klara Battle Court Scolipede
32%
SV Nemona Seventh Gym Sliggoo
32%
RS May Lilycove City Swellow
32%
SM Hau Pokémon League Crabominable
28%
SWSH Marnie Budew Drop Inn Croagunk
28%
SV Kieran Paradise Barrens Dipplin
28%
BW2 Hugh Undella Town Eelektross
28%
SWSH Klara Battle Court Galarian Weezing
28%
SWSH Klara Warm-up-Tunnel Koffing
28%
ORAS May Lilycove City Magcargo
28%
SV Kieran Paradise Barrens Poliwhirl
28%
HGSS Blue Fighting Dojo Rhyperior
28%
SWSH Marnie Route 9 Scrafty
28%
SWSH Marnie Budew Drop Inn Scraggy
28%
E May Route 110 Slugma
28%
SV Kieran Area Zero Underdepths Terapagos
28%
SWSH Marnie Route 9 Toxicroak
28%
SWSH Klara Fields of Honor Venipede
28%
SWSH Klara Warm-up-Tunnel Whirlipede
28%
BW2 Hugh Victory Road Bouffalant
24%
XY Calem Kiloude City Clefable
24%
SV Kieran Dreaded Den Furret
24%
SWSH Bede Galar Mine Gothita
24%
SWSH Bede Stow-on-Side Gothorita
24%
BW Cheren Victory Road Haxorus
24%
SM Hau Mt. Lanakila Komala
24%
SV Nemona Fifth Gym Lycanroc
24%
USUM Hau Aether Paradise Noivern
24%
SV Kieran Dreaded Den Poliwag
24%
SV Nemona Third Gym Rockruff
24%
SV Kieran Mossui Town Sentret
24%
SV Kieran Dreaded Den Shiftry
24%
E May Lilycove City Tropius
24%
BW Bianca Nuvema Town Chandelure
20%
Yl Blue Silph Co. Cloyster
20%
RS May Route 110 Numel
20%
SWSH Hop Route 7 Pincurchin
20%
Yl Blue Pokémon Tower Shellder
20%
SWSH Hop Stow-on-Side Silicobra
20%
SWSH Avery Battle Court Swoobat
20%
SWSH Hop Stow-on-Side Cramorant
16%
SV Kieran Loyalty Plaza Cramorant
16%
SV Nemona Mesagoza Dudunsparce
16%
BW2 Hugh Undella Town Flygon
16%
BW Cheren Victory Road Gigalith
16%
XY Tierno Battle Maison Hawlucha
16%
SWSH Hop Route 7 Heatmor
16%
USUM Hau Route 3 Noibat
16%
SV Kieran Dreaded Den Probopass
16%
SWSH Hop Stow-on-Side Toxel
16%
XY Trevor Battle Maison Tyrantrum
16%
SWSH Avery Warm-up-Tunnel Woobat
16%
XY Trevor Battle Maison Aurorus
12%
SWSH Klara Battle Court Drapion
12%
RSE Wally Battle Maison Garchomp
12%
SV Nemona Mesagoza Orthworm
12%
SWSH Klara Battle Court Skorupi
12%
SWSH Hop Route 7 Trevenant
12%
RSE Wally Battle Maison Azumarill
8%
SV Kieran Loyalty Plaza Gligar
8%
SV Kieran Dreaded Den Gliscor
8%
BW Bianca Nuvema Town Mienshao
8%
SWSH Hop Route 7 Boltund
4%
XY Calem Route 14 Chensaught
0%
No matching quizzes found
Score Distribution
Percent of People with Each Score
Percentile by Number Answered
Your Score History
You have not taken this quiz since the last reset